| 000 | 00349nam a2200109Ia 4500 | ||
|---|---|---|---|
| 008 | 240129s9999 xx 000 0 und d | ||
| 100 | _aSAXENA, RAJEEV KUMAR | ||
| 245 | 0 | _aNON PARAMETRIC APPROACH FOR INFERENTIAL ANALYSIS OF MOBILE USER BEHAVIOUR IN NCR INDIA | |
| 260 |
_bMEWAR UNIVERSITY, CHITTORGARH _c2021 |
||
| 650 | _aStatistics | ||
| 942 | _cTHE | ||
| 999 |
_c218978 _d218978 |
||